000 00762nam a2200253 a 4500
001 BRL_102
005 20190320210605.0
008 840619s1991 mx-a######---#000-0#spa-#
020 _a96862713008
040 _aDLC
_cDLC
_dDLC
041 _aspa
044 _amx
050 4 _aPQ7260
_b.A38 1991
100 1 _aAguirre Tinoco, Humberto
_922917
245 1 0 _aSones de la tierra y cantares jarochos
_cHumberto Aguirre Tinoco.
260 _aMéxico
_bGobierno del Estado de Veracruz-Llave
_c1991
300 _a198 p.
_bil.
_c21 cm.
500 _aAu122
650 1 4 _aCanciones folklóricas mexicanas
_zMéxico (Tlacotalpan)
_922918
650 1 4 _aPoesía lírica mexicana
_922919
650 1 4 _aSones y cantares
_zVeracruz
_922920
902 _aGRL
942 _2lcc
_cB
999 _c8915
_d8915